书目信息 |
| 题名: |
美国行政改革研究
|
|
| 作者: | 宋世明 著 | |
| 分册: | ||
| 出版信息: | 北京 国家行政学院出版社 1999.04 |
|
| 页数: | 445页 | |
| 开本: | 32开 | |
| 丛书名: | ||
| 单 册: | ||
| 中图分类: | D771.231 | |
| 科图分类: | ||
| 主题词: | 政治 | |
| 电子资源: | ||
| ISBN: | 7-80140-011-9 | |
| 000 | 00555nam0 2200193 45 | |
| 001 | 0106050971 | |
| 005 | 20010605091734.7 | |
| 010 | @a7-80140-011-9@d28.00元 | |
| 100 | @a20010605d1999 km y0chiy0120 ea | |
| 101 | 0 | @achi |
| 105 | @a z 000yy | |
| 200 | 1 | @a美国行政改革研究@AMei Guo Xing Zheng Gai Ge Yan Jiu@f宋世明著@FSong Shi Ming Zhu |
| 210 | @a北京@c国家行政学院出版社@d1999.04 | |
| 215 | @a445页@d32开 | |
| 606 | 0 | @a政治 |
| 690 | @aD771.231@v3 | |
| 701 | 0 | @a宋世明@4著 |
| 801 | @aCN@bPftUser@c20010605 | |
| 905 | @b345544-546@dD771.231@eS539@f3 | |
| 美国行政改革研究/宋世明著.-北京:国家行政学院出版社,1999.04 |
| 445页;32开 |
| ISBN 7-80140-011-9:28.00元 |
| ● |
| 相关链接 |
|
|
|
正题名:美国行政改革研究
索取号:D771.231/S539
 
预约/预借
| 序号 | 登录号 | 条形码 | 馆藏地/架位号 | 状态 | 备注 |
| 1 | 345544 | 203455448 | 社科库509/509社科库 78排5列2层/ [索取号:D771.231/S539] | 在馆 | |
| 2 | 345545 | 203455457 | 社科库509/509社科库 78排5列2层/ [索取号:D771.231/S539] | 在馆 | |
| 3 | 345546 | 203455466 | 社科库509/509社科库 78排5列2层/ [索取号:D771.231/S539] | 在馆 |